000 00561nam a22001817a 4500
003 CEME
005 20210628205947.0
008 210209b xxu||||| |||| 00| 0 eng d
020 _a0-471-56173-8
040 _c.
082 _a615.78 BEN
100 _aSarter, Martin Nutt, David.J Lister, Richard.G
_977672
245 _aBenzodiazepine receptor inverse agonists
260 _aNEWYORK
_bWILEY LIS
_c1995
300 _a304P
650 _aBENZODIAZEPINES-ARGNISTS BENZODIAZEPINES-ANTAGONISTS BENZODIAZEPINES-RECEPTORS GABA-RECEPTORS
_977673
942 _cBK
_2ddc
999 _c582897
_d582897